PR-SOF-2318-Power Supply Unit for Run Flat Insert Changing Machine (Record no. 609261)
[ view plain ]
| 000 -LEADER | |
|---|---|
| fixed length control field | 00482nam a22001337a 4500 |
| 040 ## - CATALOGING SOURCE | |
| Transcribing agency | NUST |
| 082 ## - DEWEY DECIMAL CLASSIFICATION NUMBER | |
| Classification number | 220 PRO |
| 100 ## - MAIN ENTRY--PERSONAL NAME | |
| Personal name | Rana Haris Javed Usama Aamir Hafiz Kafeel Ahmad Taimoor Asif Ans Atiq Awais Fazal e Qadeer |
| 9 (RLIN) | 122853 |
| 110 ## - MAIN ENTRY--CORPORATE NAME | |
| Corporate name or jurisdiction name as entry element | Supervisor Dr. Rashid Naseer Tags: 220 PRO |
| 9 (RLIN) | 122854 |
| 245 ## - TITLE STATEMENT | |
| Title | PR-SOF-2318-Power Supply Unit for Run Flat Insert Changing Machine |
| 260 ## - PUBLICATION, DISTRIBUTION, ETC. | |
| Place of publication, distribution, etc. | ISLAMABAD: |
| Name of publisher, distributor, etc. | NUST COLLEGE OF EME, |
| Date of publication, distribution, etc. | 2023. |
| 650 ## - SUBJECT ADDED ENTRY--TOPICAL TERM | |
| Topical term or geographic name entry element | DE-MTS-41 |
| 9 (RLIN) | 122842 |
| 942 ## - ADDED ENTRY ELEMENTS (KOHA) | |
| Source of classification or shelving scheme | |
| Koha item type | Project Report |
| Withdrawn status | Lost status | Source of classification or shelving scheme | Damaged status | Not for loan | Permanent Location | Current Location | Shelving location | Date acquired | Total Checkouts | Full call number | Barcode | Date last seen | Price effective from | Koha item type |
|---|---|---|---|---|---|---|---|---|---|---|---|---|---|---|
| College of Electrical & Mechanical Engineering (CEME) | College of Electrical & Mechanical Engineering (CEME) | Reference | 05/22/2024 | 220 PRO | PR-SOF-2318 | 05/22/2024 | 05/22/2024 | Project Report |
